Normal view
MARC view
- LOLA G. P
Entry Personal Name
001 - CONTROL NUMBER
- control field: 2793
003 - CONTROL NUMBER IDENTIFIER
- control field: OSt
005 - DATE AND TIME OF LATEST TRANSACTION
- control field: 20180215105807.0
008 - FIXED-LENGTH DATA ELEMENTS
- fixed length control field: 180215|| aca||aabn | a|a d
040 ## - CATALOGING SOURCE
- Original cataloging agency: OSt
- Transcribing agency: OSt
100 ## - HEADING--PERSONAL NAME
- Personal name: LOLA G. P
670 ## - SOURCE DATA FOUND
- Source citation: Work cat.: (OSt): LOLA G. P, Performance evaluation of a tractor mounted rotavator
